00823cam a22002651 4500001001300000003000400013005001700017008004100034010001700075025001900092035002000111040002100131041001300152050002000165100005100185245003200236260001400268300001700282500001600299500001300315500011800328650003500446651005900481999001700540sa 65009683 DLC20260227112203.0940713m19581963ii 000 1 beno  asa 65009683  aPL480:I-B-2046 a(OCoLC)30759501 aDLCcCUdCUdDLC1 abenhrus00aPG376.S52bT4821 aSholokhov, Mikhail Aleksandrovich,d1905-1984.10aSāgare milāẏa D̤ana. c[1958-63] a2 v.c22 cm. aIn Bengali. aA novel. aTranslation of The Don flows home to sea, an English translation of the second part of the author's Tikhil̆ Don. 0aWorld War, 1914-1918vFiction. 0aSoviet UnionxHistoryyRevolution, 1917-1921vFiction. c66352d66352